| 000 | 00616nam a2200205 a 4500 | ||
|---|---|---|---|
| 005 | 20240228063604.0 | ||
| 008 | 121024s2007 mx r 000 0 spa d | ||
| 020 | _a9789689295075 | ||
| 035 | _aUPN01000188042 | ||
| 049 | _aI | ||
| 050 | 4 |
_aPQ7298.428 O7.2 _bF4.7 |
|
| 100 | 1 |
_aRosales, Ana Paula, _d1970- _932995 |
|
| 245 | 1 | 0 |
_aFermina en el cielo / _cAna Paula Rosales. |
| 260 |
_aMéxico : _bEl Armadillo, _c2007. |
||
| 300 |
_a[31] p. : _bprincipalmente il. col. |
||
| 650 | 4 |
_aCuentos infantiles mexicanos _97723 |
|
| 650 | 4 |
_aPerros _vLiteratura infantil _98585 |
|
| 905 | _aInfantil | ||
| 999 |
_c160145 _d160145 |
||